000 00239nam a2200097Ia 4500
001 1250539
005 20251031150858.0
008 251031s9999 xx 000 0 und d
245 0 _cÇAĞLAR ÇETOK
_aB-1 KARAOVA
260 _bDESTEK YAYINLARI
999 _c1250539
_d1250539